Stata Data Management Reference Manual : (Record no. 13023)
[ view plain ]
| 000 -LEADER | |
|---|---|
| fixed length control field | 01218cam a22003497a 4500 |
| 001 - CONTROL NUMBER | |
| control field | 15692171 |
| 005 - DATE AND TIME OF LATEST TRANSACTION | |
| control field | 20161128103034.0 |
| 008 - FIXED-LENGTH DATA ELEMENTS--GENERAL INFORMATION | |
| fixed length control field | 090408s2007 txua 001 0 eng d |
| 010 ## - LIBRARY OF CONGRESS CONTROL NUMBER | |
| LC control number | 2009277464 |
| 020 ## - INTERNATIONAL STANDARD BOOK NUMBER | |
| International Standard Book Number | 1597180300 |
| 020 ## - INTERNATIONAL STANDARD BOOK NUMBER | |
| International Standard Book Number | 9781597180306 |
| 035 ## - SYSTEM CONTROL NUMBER | |
| System control number | (OCoLC)ocn156582149 |
| 040 ## - CATALOGING SOURCE | |
| Original cataloging agency | MYG |
| Transcribing agency | MYG |
| Modifying agency | NLGGC |
| -- | MUQ |
| -- | DRB |
| -- | YDXCP |
| -- | DLC |
| 042 ## - AUTHENTICATION CODE | |
| Authentication code | lccopycat |
| 050 00 - LIBRARY OF CONGRESS CALL NUMBER | |
| Classification number | QA276.4 |
| Item number | .S6485 2007 |
| 082 ## - DEWEY DECIMAL CLASSIFICATION NUMBER | |
| Classification number | 001.4226 |
| Item number | STA |
| Edition number | 22 |
| 245 00 - TITLE STATEMENT | |
| Title | Stata Data Management Reference Manual : |
| Remainder of title | release 10. |
| 246 14 - VARYING FORM OF TITLE | |
| Title proper/short title | Stata release 10 : |
| Remainder of title | data management |
| 246 18 - VARYING FORM OF TITLE | |
| Title proper/short title | Stata 10 data management |
| 260 ## - PUBLICATION, DISTRIBUTION, ETC. (IMPRINT) | |
| Place of publication, distribution, etc | College Station, Tex. : |
| Name of publisher, distributor, etc | StataCorp LP, |
| Date of publication, distribution, etc | c2007. |
| 300 ## - PHYSICAL DESCRIPTION | |
| Extent | vi, 548 p. : |
| Other physical details | ill. ; |
| Dimensions | 24 cm. |
| 500 ## - GENERAL NOTE | |
| General note | Donation |
| 500 ## - GENERAL NOTE | |
| General note | Includes index. |
| 630 00 - SUBJECT ADDED ENTRY--UNIFORM TITLE | |
| Uniform title | Stata. |
| 9 (RLIN) | 9865 |
| 630 06 - SUBJECT ADDED ENTRY--UNIFORM TITLE | |
| Uniform title | Stata (Logiciel) |
| Form subdivision | Guides, manuels, etc. |
| 9 (RLIN) | 9866 |
| 650 #0 - SUBJECT ADDED ENTRY--TOPICAL TERM | |
| Topical term or geographic name as entry element | Statistics |
| General subdivision | Graphic methods |
| -- | Data processing. |
| 9 (RLIN) | 9868 |
| 650 #0 - SUBJECT ADDED ENTRY--TOPICAL TERM | |
| Topical term or geographic name as entry element | Social sciences |
| General subdivision | Statistical methods |
| -- | Data processing. |
| 9 (RLIN) | 9869 |
| 650 #0 - SUBJECT ADDED ENTRY--TOPICAL TERM | |
| 9 (RLIN) | 9867 |
| Topical term or geographic name as entry element | Statistics |
| General subdivision | Data processing |
| 710 2# - ADDED ENTRY--CORPORATE NAME | |
| Corporate name or jurisdiction name as entry element | StataCorp LP. |
| 9 (RLIN) | 9880 |
| 942 ## - ADDED ENTRY ELEMENTS (KOHA) | |
| Source of classification or shelving scheme | Dewey Decimal Classification |
| Item type | Book - Borrowing |
| Withdrawn status | Item status | Source of classification or shelving scheme | Damaged status | Not for loan | Vendor | Home library | Current library | Shelving location | Date acquired | Source of acquisition | Total Checkouts | Full call number | Barcode | Date last seen | Koha item type | Public note |
|---|---|---|---|---|---|---|---|---|---|---|---|---|---|---|---|---|
| Dewey Decimal Classification | Central Library | Central Library | Lower Floor | 10/12/2009 | Donation | 001.4226 STA | 000019273 | 15/07/2025 | Book - Borrowing |